| 000 | 00415nam a2200157Ia 4500 | ||
|---|---|---|---|
| 003 | GCL | ||
| 008 | 140319s9999 xx 000 0 aSpa d | ||
| 040 |
_aGCL / _cGCL |
||
| 082 | 0 | 4 |
_a914.600223 _bP G |
| 100 | 1 | _aPLANETA | |
| 245 | 1 | 0 |
_aGEOGRAFIA DE ESPANA / _cPLANETA |
| 260 |
_aاسبانيا : _bPLANETA ، _c1992 |
||
| 300 |
_a10 VOL S.: _bILL, ؛ _c10 VOLS. |
||
| 650 | 0 | 4 | _aSPAIN - GEOGRAPHY |
| 942 |
_2ddc _cBK |
||
| 999 |
_c12808 _d12808 |
||